01007nas a2200241Ia 4500001001100000003000900011008004100020040001300061040001300074041001300087100003800100210002100138222002100159245009900180250001100279260003600290501008600326300001000412310001200422362003500434500026000469650003600729R022/42990IT-RoPAU151124c99999999xx |||||||||||| ||und|| aIT-RoPAU cIT-RoPAU aITALIANO aAA.VV. gCodice Aut. SPICS: 12000 aINFORMAZIONI MCS aInformazioni Mcs aINFORMAZIONI MCS, ANNO 17-N.02 (FEBBRAIO 1974)bInformazioni Mcs, Anno 17-N.02 (Febbraio 1974) a1a ed. aVICENZAbINFORMAZIONI MCSc1974 bPaulus - SPICS - Società San Paolo EM (non-commercial uses only)cCopyright2015 a40 p. aMENSILE aANNO 017, N.02 (FEBBRAIO 1974) aUtilizzazione Pastorale del Cinema per la Celebrazione Quaresimale. Schedecritiche dei Film: L'Assassino Colpisce All'Alba, i Figli Chiedono Perche', Grazie per Quel Caldo Dicembre, una Giornata Spesa Bene, la Gang dei Doberman, Valdes il Mezzo Sangue, Tr aCINEMAvPUBBLICAZIONE PERIODICA